| 000 | 00852nac a22002051u 4500 | ||
|---|---|---|---|
| 010 | _a2004272415 | ||
| 020 | _a812970515x | ||
| 082 |
_a621.367 _bG6431 |
||
| 090 |
_c949 _d949 |
||
| 100 | _aGonzalez, Rafael C. | ||
| 245 | 1 | 0 |
_aDigital Image processing using MATLAB / _cRafael C. Gonzalez, Richard E. Woods, Steven L. Eddins. |
| 260 |
_aNew Delhi : _bPearson Education,2004 _c2004. |
||
| 300 |
_axiv, 609 p. : _bill., charts ; _c25 cm. |
||
| 504 | _aIncludes bibliographical references and index. | ||
| 650 | 0 |
_aImage processing _xDigital techniques. |
|
| 700 | 1 |
_aWoods, Richard E. _q(Richard Eugene), _d1954- |
|
| 700 | 1 |
_aEddins, Steven L., _d1964- |
|
| 942 |
_cBB _k621.367G6431 |
||
| 999 |
_c949 _d949 |
||